[Event "Dvorkovich Memorial Rapid 2018"]
[Site "Taganrog"]
[Date "2018.01.14"]
[Round "7"]
[White "Khanin, Semen"]
[Black "Kornyukov, Alexey"]
[Result "1-0"]
[WhiteElo "2458"]
[BlackElo "2452"]
[Annotator "TA"]
[PlyCount "81"]
[EventDate "2018.??.??"]
[EventType "swiss"]
[EventCountry "RUS"]
[SourceTitle "playchess.com"]
[Source "ChessBase"]
[SourceQuality "1"]

{[%evp 25,81,58,102,26,224,224,248,260,273,274,277,249,298,284,328,319,318,312,331,247,360,352,361,339,350,343,322,235,242,228,231,213,201,194,274,283,276,277,268,230,226,225,229,234,235,208,253,245,389,269,272,269,683,381,810,809,791,780]} 1. e4 c5 2. Nf3 Nc6 3. d4 cxd4 4. Nxd4 Nf6 5. Nc3 e5 6. Ndb5 d6 7. Bg5 a6 8. Na3 b5 9. Bxf6 gxf6 10. Nd5 f5 11. g3 Bg7 12. Bg2 O-O 13. exf5 {B33: Sicilian: Pelikan and Sveshnikov Variations} e4 {LiveBook: 20 Games} (13... Bxf5 14. Ne3 Ne7 15. Nxf5 Nxf5 16. Bxa8 Qxa8 17. O-O Nd4 18. f3 d5 19. c3 Ne6 20. Nc2 Rd8 {1-0 (42) Kantans,T (2484)-Klekowski,M (2498) Katowice 2017}) 14. Qg4 ({White should try} 14. Qh5 $16) 14... Kh8 $2 {[#]} (14... Qa5+ $11 {and Black has nothing to worry.} 15. c3 b4 16. Nf6+ (16. Bxe4 bxa3 17. b3 Qb5 $15) 16... Kh8) 15. c3 $146 {White is clearly better.} ({Predecessor:} 15. O-O-O Ne7 16. Qxg7+ Kxg7 17. f6+ Kh8 18. fxe7 Qe8 19. exf8=Q+ Qxf8 20. Bxe4 f5 {1-0 (44) Potapov,P (2285)-Marsalek,Z (2242) Pardubice 2005}) 15... Ne5 16. Qxe4 Re8 17. O-O Bb7 18. Qf4 Nd3 19. Qd2 Nc5 20. Rfe1 Re5 21. Rad1 Rxf5 22. f4 Ne6 (22... Bxd5 $142 23. Bxd5 Rc8) 23. Ne3 Bxg2 24. Nxf5 Bf3 25. Nxg7 ({Don't do} 25. Nxd6 Qb6+ 26. Qf2 Qxf2+ 27. Kxf2 Bxd1 $18) (25. Qxd6 Bxd1 26. Rxd1 Qf6 $18) 25... Kxg7 26. Qxd6 Bxd1 27. Rxd1 Qf6 {[#] ...Rd8 is the strong threat.} 28. Qe5 Qxe5 29. fxe5 {[%mdl 4096] Endgame KRN-KRN} Ng5 (29... Nc5 {was worth a try.} 30. c4 Na4 31. cxb5 axb5 32. Nxb5 Nxb2) 30. Kg2 Re8 31. Rd5 f6 32. h4 Nf7 33. exf6+ Kxf6 {...Re2+ would now be nice for Black.} 34. Rd2 Ne5 35. Rf2+ Ke6 36. Nc2 Kd5 (36... Re7 $142 37. Nd4+ Kd5) 37. Rd2+ Kc5 38. Re2 a5 $2 (38... Kd6 39. Nb4 Ra8) 39. Nd4 b4 $2 (39... Re7 40. g4 Re8) 40. Nf3 bxc3 41. bxc3 {Precision: White = 68%, Black = 29%.} ({Not} 41. Nxe5 cxb2 42. Nd7+ (42. Rxb2 Rxe5 43. g4 a4 $16) 42... Kc6 $18) 1-0

[Event "Dvorkovich Memorial Rapid 2018"]
[Site "Taganrog"]
[Date "2018.01.14"]
[Round "7"]
[White "Zakharov, Alexander S"]
[Black "Grinev, Boris"]
[Result "1-0"]
[WhiteElo "2437"]
[BlackElo "2092"]
[Annotator "TA"]
[PlyCount "55"]
[EventDate "2018.??.??"]
[EventType "swiss"]
[EventCountry "RUS"]
[SourceTitle "playchess.com"]
[Source "ChessBase"]
[SourceQuality "1"]

{[%evp 10,55,35,39,73,67,65,37,51,24,66,21,64,25,46,15,39,27,32,36,35,33,36,31,43,29,27,27,45,39,43,22,10,8,6,0,0,-53,-64,-58,-71,-62,0,-4,-4,-11,265,265]} 1. e4 g6 2. d4 Bg7 3. Nc3 c5 4. d5 d6 5. Bb5+ Bd7 6. a4 {LiveBook: 46 Games. A43: Schmid Benoni} a6 7. Be2 Nf6 8. Bg5 $146 {White is slightly better.} ({Predecessor:} 8. Nf3 Bg4 9. Nd2 Bxe2 10. Qxe2 O-O 11. O-O e6 12. Nc4 exd5 13. exd5 {1-0 (34) Gallagher,J (2517)-Pornariyasombat,A (2181) Khanty-Mansiysk 2010}) 8... O-O 9. Qd2 Qc7 10. h3 e6 11. Nf3 (11. Qf4 $5 {[%cal Rg5f6]} Qd8 12. dxe6 (12. Qxd6 Qa5 $14) 12... fxe6 13. Qxd6 $16) 11... exd5 12. exd5 Re8 13. O-O Bf5 14. Nh4 Bc8 15. Rfe1 Nbd7 16. Nf3 b6 17. Bf4 Bb7 18. Bc4 Rxe1+ 19. Rxe1 Re8 20. Rxe8+ Nxe8 21. Qe2 Qc8 22. Ng5 {[#] Threatens to win with Qe7.} Ne5 23. Bxe5 ({White should play} 23. Ba2 $11) 23... Bxe5 $15 24. Nf3 Bxc3 25. bxc3 {With the idea Qe7.} Qd7 (25... Nc7 $15) 26. Bxa6 $11 Bxd5 27. Bb5 Bxf3 $2 {[%mdl 8192] [#]} (27... Bc6 $11) 28. gxf3 {Precision: White = 57%, Black = 49%.} ({Inferior is} 28. Bxd7 Bxe2 29. Bxe8 Bd1 $17) 1-0

[Event "Dvorkovich Memorial Rapid 2018"]
[Site "Taganrog"]
[Date "2018.01.14"]
[Round "7"]
[White "Balashov, Yuri S"]
[Black "Shaydullina, Sandugach"]
[Result "1/2-1/2"]
[WhiteElo "2434"]
[BlackElo "2211"]
[Annotator "TA"]
[PlyCount "115"]
[EventDate "2018.??.??"]
[EventType "swiss"]
[EventCountry "RUS"]
[SourceTitle "playchess.com"]
[Source "ChessBase"]
[SourceQuality "1"]

{[%evp 19,115,61,53,23,25,30,38,22,44,30,37,21,57,41,45,43,38,46,53,60,44,46,41,45,133,114,165,147,151,161,183,127,129,118,143,157,141,139,139,84,98,65,202,197,341,331,311,186,163,114,252,174,278,278,277,273,246,226,385,347,314,271,416,215,191,104,105,90,96,8,22,22,29,29,24,8,8,8,8,8,8,8,8,8,18,19,21,4,4,0,0,0,0,-12,-12,-12,-12,-12]} 1. e4 c5 2. Nf3 Nc6 3. d4 cxd4 4. Nxd4 Nf6 5. Nc3 d6 6. Bg5 e6 7. Qd2 a6 8. O-O-O h6 9. Be3 Ng4 10. Nxc6 bxc6 {LiveBook: 34 Games} 11. Bf4 {B66: Sicilian: Richter-Rauzer: 7...a6 8 0-0-0 h6} (11. Bc5 $5) (11. Bc5 Qg5 12. Qxg5 hxg5 13. Be2 dxc5 14. Bxg4 Bd7 15. e5 Be7 16. h3 f5 17. Bf3 O-O-O 18. Na4 Kc7 {0-1 (55) Paramzina,A (2221)-Abergel,T (2475) St Petersburg 2016}) 11... e5 12. Bg3 Be7 13. Kb1 {White is slightly better.} Rb8 $146 ({Predecessor:} 13... O-O 14. Bc4 Qc7 15. Rhf1 Rb8 16. Qe2 Nf6 17. Rd3 Rb4 18. b3 Nd7 {0-1 (42) Weidemann,C (2270)-Kotter,R (2300) Germany 1996}) 14. Bc4 O-O 15. Bb3 Be6 16. Qe2 $36 {[%mdl 2048] [#] Hoping for Bxe6. White fights for an advantage.} Qc8 17. h3 {Strongly threatening Bxe6.} Nf6 18. f4 Bxb3 19. axb3 Nd7 20. Rhf1 a5 21. Qg4 f5 (21... Rb7 $14) 22. exf5 Nf6 (22... e4 $16) 23. Qe2 $18 e4 24. Nxe4 d5 25. Nxf6+ (25. Ng5 $18) 25... Bxf6 $16 26. Qe6+ Kh8 {[#]} 27. Qxc8 $1 Rfxc8 28. Rd3 a4 29. Re1 ({White should play} 29. Bf2) 29... Rb4 30. Re6 Ra8 (30... Rcb8 $14) 31. Rxc6 $18 a3 (31... Rab8 $142 32. bxa4 (32. Rxd5 axb3 33. c4 Ra8 $18) 32... Rxa4) 32. bxa3 Rxa3 {[%csl Gf6][%cal Ra3a1]} 33. Rxf6 (33. Kc1 $142) 33... gxf6 34. Rxd5 {[%mdl 4096] Endgame KRR-KRB} Re4 (34... Raxb3+ $16 {was called for.} 35. cxb3 Rxb3+ 36. Kc1 Rxg3) 35. Rd6 Kg7 (35... Ra8 {is a better defense.} 36. Rxf6 Kg7 37. Rg6+ Kf7 38. Rxh6 Re2) 36. Bh4 Rxf4 37. Bxf6+ Kf7 38. g4 {Black must now prevent Kb2.} h5 $2 (38... Rf3 {might work better.} 39. Bb2 Rf1+ 40. Bc1 h5 41. Rd7+ (41. gxh5 Ra5 $16) 41... Ke8) 39. Bg5 Rf3 40. gxh5 Rxh3 (40... Ra7 $142 41. Rf6+ Kg7) 41. h6 (41. Rd7+ $142 Ke8 42. Re7+ Kf8 43. f6 Rxh5 44. Bd2) 41... Ra5 42. Rd7+ (42. Rf6+ $18 Kg8 43. Kb2) 42... Ke8 43. Rg7 {aiming for f6.} Rxf5 44. h7 (44. b4 $16) 44... Rf1+ 45. Kb2 Rfh1 46. Re7+ Kf8 47. Rc7 Rxh7 {The position is equal.} 48. Rc8+ Kf7 49. b4 R7h5 50. Be3 R1h2 51. Bc5 R5h4 52. Kb3 Ke6 53. b5 Kd7 54. Rg8 Rh5 55. Rg7+ Kc8 56. Bd6 Rxb5+ 57. Kc4 Rhh5 58. Rc7+ {Precision: White = 53%, Black = 52%.} 1/2-1/2

[Event "Dvorkovich Memorial Rapid 2018"]
[Site "Taganrog"]
[Date "2018.01.14"]
[Round "7"]
[White "Savitskiy, Sergey"]
[Black "Tomilova, Elena"]
[Result "1-0"]
[WhiteElo "2415"]
[BlackElo "2331"]
[Annotator "TA"]
[PlyCount "45"]
[EventDate "2018.??.??"]
[EventType "swiss"]
[EventCountry "RUS"]
[SourceTitle "playchess.com"]
[Source "ChessBase"]
[SourceQuality "1"]

{[%evp 9,45,24,49,46,39,28,91,83,116,125,150,140,213,221,365,401,515,513,706,697,974,964,1114,1004,995,991,1616,1038,1243,747,1400,1340,1447,1410,1448,1446,1628,1418]} 1. e4 g6 2. Nc3 Bg7 3. h4 h5 4. d4 d6 5. Bg5 (5. Be2 a6 6. a4 Nf6 7. Nf3 Bg4 8. Ng5 Bxe2 9. Qxe2 Nc6 10. e5 Nxd4 11. exf6 Nxe2 12. fxg7 Rg8 13. Kxe2 {0-1 (56) Jobava,B (2713)-Anton Guijarro,D (2631) Dubai 2014}) 5... a6 6. Qd2 {B06: Modern Defence} b5 7. O-O-O $146 ({Predecessor:} 7. a4 b4 8. Nd5 a5 9. c3 c6 10. Ne3 Na6 11. f3 Nf6 {0-1 (45) Banzea,A (2287)-Carmaciu,L (2385) Arad 2016}) 7... b4 (7... Nf6 $11) 8. Nd5 $16 {White is better.} c6 9. Nxb4 a5 10. Nd3 Bxd4 {[#]} (10... Nf6 $16 {keeps fighting.}) 11. e5 $1 $18 {[%mdl 512]} Ba6 (11... c5 {might work better.} 12. c3 c4 13. cxd4 cxd3) (11... Bxe5 12. Nxe5) 12. Nf3 Bb6 13. Nf4 {White is clearly winning.} dxe5 {Threatens to win with ...Qxd2+.} 14. Qc3 Qc7 {If only Black now had time for ...Nf6....} 15. Nxe5 Nf6 16. Bxa6 Ne4 {[#]} 17. Bc4 $1 {[%mdl 512]} O-O 18. Qb3 {[%cal Rc4f7]} Qxe5 19. Qxb6 Nxg5 20. Nxg6 Qf6 21. Nxf8 Ne4 22. Rd8 {aiming for Nd7+.} Qf4+ 23. Qe3 {Precision: White = 88%, Black = 22%.} 1-0

[Event "Dvorkovich Memorial Rapid 2018"]
[Site "Taganrog"]
[Date "2018.01.14"]
[Round "7"]
[White "Anikonov, Dmitry"]
[Black "Hasangatin, Ramil"]
[Result "0-1"]
[WhiteElo "2407"]
[BlackElo "2502"]
[Annotator "TA"]
[PlyCount "92"]
[EventDate "2018.??.??"]
[EventType "swiss"]
[EventCountry "RUS"]
[SourceTitle "playchess.com"]
[Source "ChessBase"]
[SourceQuality "1"]

{[%evp 15,92,-60,-34,-71,-74,-87,-90,-79,-78,-100,-83,-100,-76,-77,-87,-93,-79,-96,-79,-85,-84,-122,-134,-139,-126,-128,-123,-152,-158,-168,-153,-162,-173,-162,-133,-142,0,-29,0,0,0,0,0,-123,-131,-133,-116,-162,-80,-162,-143,-147,-156,-154,-156,-889,-893,-927,-916,-862,-789,-1158,-851,-1693,-1712,-2304,-2434,-12837,-12057,-12839,-12839,-12839,-12839,-12843,-12843,-12844,-12844,-12846,-12847]} 1. d4 Nf6 2. c4 c6 3. Nf3 d5 4. g3 Bf5 5. Bg2 e6 6. O-O Nbd7 7. Nc3 dxc4 {D11: Slav Defence: 3 Nf3 sidelines and 3...Nf6 4 e3 Bg4} (7... h6 8. Qb3 Qb6 9. c5 Qc7 10. Bf4 Qc8 11. Nd2 g5 12. Bd6 Bxd6 13. cxd6 O-O 14. f3 c5 15. e4 Bg6 16. Rac1 Qc6 17. e5 {1-0 (34) Stupak,K (2588)-Rodshtein,M (2699) Katowice 2017}) 8. a4 a5 {LiveBook: 15 Games} 9. Re1 Bb4 {Black is better.} 10. Nh4 Bg4 $146 ({Predecessor:} 10... Bg6 11. Nxg6 hxg6 12. e4 O-O 13. Qe2 Nb6 14. Rd1 Re8 15. Bg5 {½-½ (50) Karl,H (2255)-Travaglini,A Imperia 1996}) 11. h3 Bh5 12. Qc2 Nb6 13. g4 Nfd5 14. Nf3 Bg6 15. e4 Bd6 $36 {[%mdl 2048] White is under strong pressure.} 16. Qe2 Nf4 17. Bxf4 Bxf4 18. Rad1 Qe7 19. Ne5 Bxe5 20. dxe5 Qc5 21. Kh1 h5 {[%cal Bh7h5,Bh5h4][%mdl 32] aiming for ...hxg4.} (21... Qxe5 22. Qe3 $15) 22. g5 h4 ({But not} 22... Qxe5 23. Qe3 $17) 23. f4 {[#]} Bh5 $1 {[%cal Rh5e2]} 24. Bf3 Bxf3+ 25. Qxf3 Rd8 (25... Nd7 $17 26. g6 O-O-O) 26. g6 $1 $11 Rxd1 27. gxf7+ Kxf7 28. Rxd1 Rf8 29. Rg1 (29. Rd6 $11 {keeps the balance.}) 29... Kg8 $17 30. Qg4 {[%csl Gg1][%cal Rg4g7]} Qe7 31. Ne2 {[#] And now Nd4 would win.} Nxa4 (31... Rd8 $1 $19 {Hoping for ...Rd2.} 32. Nc3 Rd3) 32. Nd4 Nc5 33. f5 exf5 34. Nxf5 Qxe5 35. Re1 $2 (35. Rf1 $17 Nxe4 36. Nh6+ Kh7 37. Rxf8) 35... Rxf5 $19 {Black is clearly winning.} 36. Qxf5 Qxf5 37. exf5 {[%mdl 4096] Endgame KR-KN} Nd3 38. Re2 b5 {[%cal Bb7b5,Bb5b4,Bb4b3,Bb3b2][%mdl 32]} 39. Rc2 a4 {[%cal Ba5a4,Ba4a3,Ba3a2][%mdl 32]} 40. Kg1 {[#]} Nxb2 $1 {[%mdl 512]} 41. Rxb2 {KR-KP} c3 42. Rb1 a3 43. Kf2 {[#]} b4 $1 {[%mdl 512]} 44. Ke2 (44. Rxb4 c2) 44... a2 45. Ra1 b3 46. Kd3 b2 {Precision: White = 37%, Black = 81%.} 0-1

[Event "Dvorkovich Memorial Rapid 2018"]
[Site "Taganrog"]
[Date "2018.01.14"]
[Round "7"]
[White "Demkovich, Anatoliy"]
[Black "Sipetin, Vladislav"]
[Result "1/2-1/2"]
[WhiteElo "2407"]
[BlackElo "2263"]
[Annotator "ChessBase"]
[PlyCount "97"]
[EventDate "2018.??.??"]
[EventType "swiss"]
[EventCountry "RUS"]
[SourceTitle "playchess.com"]
[Source "ChessBase"]
[SourceQuality "1"]
[TimeControl "900+10"]

1. Nf3 {[%emt 0:15:00]} d5 {[%emt 0:15:10]} 2. c4 {[%emt 0:00:10]} e6 {[%emt 0:00:10]} 3. e3 {[%emt 0:00:10]} Nf6 {[%emt 0:00:10]} 4. b3 {[%emt 0:00:10]} Be7 {[%emt 0:00:10]} 5. Bb2 {[%emt 0:00:10]} O-O {[%emt 0:00:10]} 6. Be2 {[%emt 0:00:10]} c5 {[%emt 0:00:10]} 7. O-O {[%emt 0:00:10]} Nc6 {[%emt 0:00:10]} 8. cxd5 {[%emt 0:00:10]} Nxd5 {[%emt 0:00:10]} 9. a3 {[%emt 0:00:10]} b6 {[%emt 0:00:10]} 10. d3 {[%emt 0:00:10]} Bb7 {[%emt 0:00:10]} 11. Nbd2 {[%emt 0:00:10]} Bf6 {[%emt 0:00:10]} 12. Bxf6 {[%emt 0:00:10]} Nxf6 {[%emt 0:00:10]} 13. Qc2 {[%emt 0:00:10]} Qd5 {[%emt 0:00:10]} 14. Rac1 {[%emt 0:00:10]} Rfd8 {[%emt 0:00:10]} 15. Rfd1 {[%emt 0:00:10]} Rac8 {[%emt 0:00:10]} 16. Qb2 {[%emt 0:00:10]} h6 {[%emt 0:00:10]} 17. Bf1 {[%emt 0:00:10]} Ne7 {[%emt 0:00:10]} 18. b4 {[%emt 0:00:10]} cxb4 {[%emt 0:00:10]} 19. axb4 {[%emt 0:00:10]} Rxc1 {[%emt 0:00:10]} 20. Rxc1 {[%emt 0:00:10]} Rc8 {[%emt 0:00:10]} 21. Ra1 {[%emt 0:00:10]} Nc6 {[%emt 0:00:10]} 22. b5 {[%emt 0:00:10]} Na5 {[%emt 0:00:10]} 23. Ne5 {[%emt 0:00:10]} Ra8 {[%emt 0:00:10]} 24. h3 {[%emt 0:00:10]} Nd7 {[%emt 0:00:10]} 25. Nxd7 {[%emt 0:00:10]} Qxd7 {[%emt 0:00:10]} 26. d4 {[%emt 0:00:10]} Rc8 {[%emt 0:00:10]} 27. Rc1 {[%emt 0:00:10]} Rxc1 {[%emt 0:00:10]} 28. Qxc1 {[%emt 0:00:10]} Qc8 {[%emt 0:00:10]} 29. Qxc8+ {[%emt 0:00:10]} Bxc8 {[%emt 0:00:10]} 30. Ne4 {[%emt 0:00:10]} Nb7 {[%emt 0:00:10]} 31. f3 {[%emt 0:00:10]} Kf8 {[%emt 0:00:10]} 32. Kf2 {[%emt 0:00:10]} Ke7 {[%emt 0:00:10]} 33. Nc3 {[%emt 0:00:10]} Nd6 {[%emt 0:00:10]} 34. e4 {[%emt 0:00:10]} Ne8 {[%emt 0:00:10]} 35. Ke3 {[%emt 0:00:10]} Nc7 {[%emt 0:00:10]} 36. Bc4 {[%emt 0:00:10]} a6 {[%emt 0:00:10]} 37. bxa6 {[%emt 0:00:10]} Bxa6 {[%emt 0:00:10]} 38. Bb3 {[%emt 0:00:10]} Bb5 {[%emt 0:00:10]} 39. h4 {[%emt 0:00:10]} g5 {[%emt 0:00:10]} 40. hxg5 {[%emt 0:00:10]} hxg5 {[%emt 0:00:10]} 41. g3 {[%emt 0:00:10]} Bd7 {[%emt 0:00:10]} 42. Na4 {[%emt 0:00:10]} Bxa4 {[%emt 0:00:10]} 43. Bxa4 {[%emt 0:00:10]} f6 {[%emt 0:00:10]} 44. f4 {[%emt 0:00:10]} gxf4+ {[%emt 0:00:10]} 45. Kxf4 {[%emt 0:00:10]} Kd6 {[%emt 0:00:10]} 46. Bb3 {[%emt 0:00:10]} Nb5 {[%emt 0:00:10]} 47. e5+ {[%emt 0:00:10]} Ke7 {[%emt 0:00:10]} 48. exf6+ {[%emt 0:00:10]} Kxf6 {[%emt 0:00:10]} 49. Ke3 {[%emt 0:00:10]} 1/2-1/2

[Event "Dvorkovich Memorial Rapid 2018"]
[Site "Taganrog"]
[Date "2018.01.14"]
[Round "7"]
[White "Tunik, Gennady"]
[Black "Timofeev, Artyom"]
[Result "0-1"]
[WhiteElo "2378"]
[BlackElo "2563"]
[Annotator "TA"]
[PlyCount "80"]
[EventDate "2018.??.??"]
[EventType "swiss"]
[EventCountry "RUS"]
[SourceTitle "playchess.com"]
[Source "ChessBase"]
[SourceQuality "1"]

{[%evp 9,80,54,62,22,34,16,43,44,35,30,35,33,41,16,33,0,0,-32,72,88,80,85,104,88,98,103,95,72,72,76,85,10,181,30,30,-49,-50,-84,-54,-62,-52,-59,0,0,77,0,0,-93,-22,-28,-35,-310,-129,-589,-584,-598,-595,-577,-470,-633,-626,-725,-711,-5758,-5633,-12837,-12837,-12837,-12838,-12838,-12839,-12830,-11209]} 1. d4 g6 2. e4 Bg7 3. Nf3 e6 4. Be2 (4. Bd3 b6 5. O-O Bb7 6. c3 Ne7 7. Bf4 O-O 8. Nbd2 c5 9. Qe2 cxd4 10. cxd4 Nbc6 11. Be3 Nb4 {1-0 (39) Ju,W (2579)-Stefanova,A (2512) Doha 2016}) 4... h6 $146 ({Predecessor:} 4... Ne7 5. O-O d5 6. e5 c5 7. c3 Qb6 8. Na3 Bd7 9. Rb1 Nbc6 10. Nc2 O-O 11. b4 cxd4 12. cxd4 f6 {½-½ (52) Nyzhnyk,I (2131)-Rajesh,V (2157) Belfort 2005}) 5. h4 b6 6. c3 {B06: Modern Defence} d6 7. Bd3 Ne7 8. Qe2 {White is slightly better.} Nd7 9. a4 a6 10. Na3 Bb7 11. Nc4 Nf6 12. Nfd2 Nh5 13. Bc2 c5 (13... f5 $15 {stays ahead.}) 14. dxc5 $16 bxc5 15. Nb3 $1 {And now g4 would win.} Qc7 {[#] Black wants to play ...d5.} 16. g4 $1 {[%cal Rg4h5]} Nf6 {[#]} 17. Bf4 $1 {[%cal Rf4d6]} e5 18. Bg3 O-O 19. O-O-O Rfd8 20. f4 (20. h5 $16) 20... d5 $2 (20... Nxe4 $1 $11 {and Black has nothing to worry.} 21. Bxe4 Bxe4 22. Qxe4 d5) 21. Nxe5 $2 (21. exd5 $18 Bxd5 22. fxe5 Bxh1 23. Rxh1) 21... Nxe4 $11 22. Bxe4 (22. Bh2 $1 $11) 22... dxe4 $15 23. Qc4 Bxe5 24. fxe5 {Strongly threatening Qxf7+!} Bd5 $1 $36 {[%cal Rd5c4][%mdl 2048] Black fights for an advantage.} 25. Qxc5 Qd7 (25... Qb7 $1 $15 26. Nd4 (26. Na5 Qd7 $17) 26... Rac8) 26. e6 $11 fxe6 (26... Qxe6 $11 {remains equal.} 27. Nd4 Qd7) 27. Qa3 (27. Qd4 $16) 27... Rac8 28. Be5 (28. Rhe1 $11 {keeps the balance.}) 28... Rc4 (28... Nc6 $17 29. Bf6 Rf8) 29. Bf6 Re8 30. Nc5 $2 {[%mdl 8192]} ({Better is} 30. Rhe1 $15) 30... Qc7 (30... Qd6 $19 {is more deadly. ...Qf4+ is the strong threat.} 31. Bd4 Nc6) 31. Bxe7 $2 {[%mdl 8192]} (31. Bd4 $17) 31... Qxe7 $19 {Black is clearly winning.} 32. Nxa6 Qxa3 33. bxa3 e3 34. Rh2 Rxc3+ 35. Rc2 Rxa3 36. Rd4 Rf8 37. Nc5 Rf1+ 38. Kb2 Ra2+ 39. Kc3 Rxc2+ 40. Kxc2 e2 {Precision: White = 30%, Black = 57%.} 0-1

[Event "Dvorkovich Memorial Rapid 2018"]
[Site "Taganrog"]
[Date "2018.01.14"]
[Round "7"]
[White "Tsoi, Dmitry"]
[Black "Gunchenko, Vadim"]
[Result "0-1"]
[WhiteElo "2371"]
[BlackElo "2338"]
[Annotator "ChessBase"]
[PlyCount "41"]
[EventDate "2018.??.??"]
[EventType "swiss"]
[EventCountry "RUS"]
[SourceTitle "playchess.com"]
[Source "ChessBase"]
[SourceQuality "1"]
[TimeControl "900+10"]

1. c4 {[%emt 0:00:00]} e5 {[%emt 0:00:22]} 2. g3 {[%emt 0:00:00]} Nc6 {[%emt 0:00:15]} 3. Bg2 {[%emt 0:00:00]} g6 {[%emt 0:00:00]} 4. Nc3 {[%emt 0:00:00]} Bg7 {[%emt 0:01:00]} 5. d3 {[%emt 0:00:00]} d6 {[%emt 0:00:00]} 6. Nf3 {[%emt 0:05:37]} Nf6 {[%emt 0:12:15]} 7. O-O {[%emt 0:00:00]} h6 {[%emt 0:00:00]} 8. Rb1 {[%emt 0:02:30]} a5 {[%emt 0:01:09]} 9. a3 {[%emt 0:00:32]} Be6 {[%emt 0:00:11]} 10. b4 {[%emt 0:00:44]} axb4 {[%emt 0:00:09]} 11. axb4 {[%emt 0:00:13]} Qd7 {[%emt 0:00:10]} 12. b5 {[%emt 0:00:23]} Nd8 {[%emt 0:00:11]} 13. Ne1 {[%emt 0:00:26]} O-O {[%emt 0:00:09]} 14. Nc2 {[%emt 0:00:15]} Bh3 {[%emt 0:00:10]} 15. Bh1 {[%emt 0:00:33]} Bxf1 {[%emt 0:00:11]} 16. Qxf1 {[%emt 0:00:24]} c6 {[%emt 0:00:10]} 17. Nb4 {[%emt 0:00:14]} cxb5 {[%emt 0:00:10]} 18. cxb5 {[%emt 0:00:26]} Ne6 {[%emt 0:00:10]} 19. Nbd5 {[%emt 0:00:25]} Nxd5 {[%emt 0:00:10]} 20. Nxd5 {[%emt 0:00:13]} Ra2 {[%emt 0:00:09]} 21. Bxh6 {[%emt 0:00:13]} 0-1

[Event "Dvorkovich Memorial Rapid 2018"]
[Site "Taganrog"]
[Date "2018.01.14"]
[Round "7"]
[White "Bykov, Egor"]
[Black "Kryakvin, Dmitry"]
[Result "1-0"]
[WhiteElo "2346"]
[BlackElo "2580"]
[Annotator "TA"]
[PlyCount "61"]
[EventDate "2018.??.??"]
[EventType "swiss"]
[EventCountry "RUS"]
[SourceTitle "playchess.com"]
[Source "ChessBase"]
[SourceQuality "1"]

{[%evp 12,61,70,38,67,11,52,47,59,0,0,0,0,-11,0,-13,0,0,0,-52,25,-62,-72,-73,-65,-77,-70,-63,-50,-66,34,41,189,219,204,202,187,176,261,248,467,394,551,544,701,659,1298,1289,1173,1087,29998,29999]} 1. d4 e6 2. c4 c5 3. d5 exd5 4. cxd5 d6 5. Nc3 g6 6. Nf3 Bg7 7. Nd2 {LiveBook: 31 Games. A43: Schmid Benoni} (7. Bf4 Nf6 8. h3 O-O 9. e3 Na6 10. Be2 Nc7 11. O-O Re8 12. Bh2 b6 13. Nd2 Bb7 14. e4 b5 15. Nxb5 Nxe4 16. Nxe4 Nxb5 17. Nxc5 dxc5 18. Bxb5 {½-½ (90) Riazantsev,A (2671)-Dubov,D (2660) Khanty-Mansiysk 2016}) 7... Nd7 8. e4 (8. Nb5 $14) 8... Ne7 9. Nc4 {White is slightly better.} Ne5 10. Nxe5 $146 (10. Qa4+ $14 Kf8 11. Qb3) ({Predecessor:} 10. Qa4+ Kf8 11. Nxe5 Bxe5 12. Bh6+ Bg7 13. Bxg7+ Kxg7 14. f4 a6 {0-1 (32) Barlov,D (2490)-Efimov,I (2525) Cutro 1998}) 10... Bxe5 $11 11. Bh6 f5 12. Bd3 Ng8 13. Bd2 fxe4 14. Nxe4 Nf6 15. Bb5+ (15. Ng5 $11) 15... Kf7 (15... Bd7 $15 16. Bxd7+ Qxd7 17. Nxf6+ Bxf6) 16. Qf3 (16. Ng5+ $1 $11 Kg7 17. O-O) 16... a6 $15 17. Bd3 Re8 {Strongly threatening ...Bg4.} 18. O-O {[#]} Bg4 $1 {[%cal Rg4f3]} 19. Qe3 Nxe4 20. Bxe4 Bf5 (20... Kg8 $15 21. Bc3 Bf5) 21. Bxf5 $1 $14 Bxh2+ ({Black should try} 21... gxf5 $14 22. Qh3 Kg7) 22. Kxh2 $18 {Hoping for Be6+.} Rxe3 23. fxe3 {[%cal Bf2e3,Be3e4][%mdl 32]} gxf5 24. Rxf5+ Kg6 (24... Ke7 $142) 25. Raf1 Qe7 $2 {[#]} (25... Qh4+ 26. Kg1 Qe4) 26. e4 $1 {[%mdl 512]} h6 (26... Qxe4 27. Rg5+) 27. R1f4 Rg8 28. Bc3 b5 29. Rf6+ Kh5 30. Kh3 {White wants to mate with R4f5+.} b4 31. R4f5+ {Precision: White = 40%, Black = 22%.} 1-0